| 000 | 01008nam2a2200289 4500 | ||
|---|---|---|---|
| 001 | RU\NLR\bibl\88242 | ||
| 005 | 20250617074314.0 | ||
| 010 |
_a5-7997-0010-4 _9200 |
||
| 021 |
_aRU _b98-21969 _91036 |
||
| 035 | _a(NLR Aleph) 000086198 | ||
| 090 |
_a481889 _c481889 |
||
| 100 | _a20000524d1997 |||y0rusy50 ca | ||
| 101 | 0 | _arus | |
| 102 | _aRU | ||
| 105 | _ay ||||||||| | ||
| 200 | 1 | _aКультура. Формы культуры | |
| 210 |
_d1997 _aБ. м. |
||
| 215 | _a242,[2] c. | ||
| 320 | _aБиблиогр.: с. 239-242 | ||
| 461 | 0 |
_1001RU\NLR\bibl\130209 _12001#$aЛекции по культурологии$vЧ. 1 _9727786 _aСоколов, Е. Г. (д-р филос. наук ; 1961-) _cСПб. _d1997 _fСоколов Е.Г. _nСПбГУ _tЛекции по культурологии _vЧ. 1 |
|
| 517 | 0 | _aФормы культуры | |
| 801 | 0 |
_aRU _bNLR _c20000524 _gPSBO |
|
| 801 | 1 |
_aRU _bNLR _c20000524 |
|
| 852 |
_aNLR _j2000-3/17610 |
||
| 942 | _cBOOK | ||
| 980 | _aNB | ||